000 00912nam a22002897a 4500
001 BR7602223
003 BR-BrBNA
005 20230928084944.0
007 ta
008 230509b bl.||||| |||| 00| 0 por d
040 _aBR-BrBNA
_bpor
_cBiblioteca Nacional de Agricultura
041 _a(Por)
072 _aE70; E15
_b/G514
090 _ E70 BR7602223
110 1 _aComissao Estadual de Planejamento Agricola, Goiania, GO (Brasil)
_92051
245 1 _aSugestoes propostas a Comissao de Financiamento da Producao (C.F.P.)PARA FIXACAO DOS PRECOS MINIMOS, ANO AGRICOLA 1976/77 - Goias [Custo de producao; Brasil]
_bno. 13
260 3 _aGoiania, GO (Brasil):
_c1976.
300 _a12 p.
650 _aComercializacao
650 _aMicroeconomia
650 _aPreco minimo
650 _aCusto de producao
650 _aSafra
650 _aGoias
909 _a202309
_bLucia
_c55
_dLucia Elande
942 _cBK
999 _c22086
_d22086